00611nam a2200205 a 450000100060000000300090000600800410001502000150005604000280007108200170009910000320011624500450014826000570019330000140025059000470026465000350031165000300034694200120037699900170038813730CO-ViMGA141112s2004 ck r 000 u spa d a9589550452 aCO-ViMGAbspacCO-ViMGA04a551.45 S156s1 aSarmiento, Guillermo92002610aSabanas Naturales : bGenesis y Ecologia aSantafé de Bogotá : bBanco de Occidente, c1994 a207 : ils aForma de adquisición : Donacion : Corpes14aECOLOGIA DE LAS SABANAS92002714aSABANAS - COLOMBIA920028 2ddccBK c24450d24450